| 000 | 00405cam a22001337a 4500 | ||
|---|---|---|---|
| 008 | 180718b1924 xxu||||| |||| 00| 0 eng d | ||
| 082 | _aT39055x54 C829 | ||
| 100 | _aCotton, C.W.E. | ||
| 245 |
_aHandbook of commercial information for India _cby C.W.E. Cotton |
||
| 250 | _a2nd ed. | ||
| 260 |
_aCalcutta _bCentral Public Branch _c1924 |
||
| 300 | _a393p. | ||
| 650 | _aForeign Commerce - India - Directories | ||
| 999 |
_c363262 _d363262 |
||